| 000 | 00630nam a2200205 a 4500 | ||
|---|---|---|---|
| 005 | 20240924070938.0 | ||
| 008 | 010615s1997 es r 000 0 spa d | ||
| 020 | _a8421632590 | ||
| 035 | _aUPN01000108419 | ||
| 049 | _aCG | ||
| 050 | 4 |
_aLC6515 _bC6.2 |
|
| 111 | 2 |
_aCongreso de Lectura Eficaz _d(1996 : _cMadrid) _928354 |
|
| 245 | 1 | 0 |
_aCongreso de lectura eficaz : _bponencias, paneles y comunicaciones. |
| 260 |
_aMadrid : _bBruño, _c1997. |
||
| 300 | _a494 p. | ||
| 440 | 0 |
_aNueva escuela ; _v42 |
|
| 650 | 4 |
_aLECTURA, INTERESES EN LA - _vDISCURSOS, ENSAYOS, CONFERENCIAS, ETC. |
|
| 650 | 4 |
_aLectura _913351 |
|
| 905 | _aLibro | ||
| 999 |
_c82331 _d82331 |
||